000 00398cam a22001217a 4500
008 180718b1903 xxu||||| |||| 00| 0 eng d
082 _aT3942x42 H618
245 _aFree trade and other fundamental doctrines of the Manchester School
_cedited by Francis W. Hirst
260 _aLondon
_bHarper
_c1903
300 _a520p.
650 _aFree Trade and Protection - U.K.
700 _aHirst, Francis W., ed.
999 _c368267
_d368267